<?xml version="1.0" encoding="UTF-8"?><?xml-stylesheet type="text/xsl" href="static/style.xsl"?><OAI-PMH xmlns="http://www.openarchives.org/OAI/2.0/" xmlns:xsi="http://www.w3.org/2001/XMLSchema-instance" xsi:schemaLocation="http://www.openarchives.org/OAI/2.0/ http://www.openarchives.org/OAI/2.0/OAI-PMH.xsd"><responseDate>2026-04-14T04:39:19Z</responseDate><request verb="GetRecord" identifier="oai:www.recercat.cat:20.500.12328/1585" metadataPrefix="marc">https://recercat.cat/oai/request</request><GetRecord><record><header><identifier>oai:recercat.cat:20.500.12328/1585</identifier><datestamp>2025-05-20T00:01:49Z</datestamp><setSpec>com_2072_67741</setSpec><setSpec>col_2072_484352</setSpec></header><metadata><record xmlns="http://www.loc.gov/MARC21/slim" xmlns:dcterms="http://purl.org/dc/terms/" xmlns:xsi="http://www.w3.org/2001/XMLSchema-instance" xmlns:doc="http://www.lyncode.com/xoai" xsi:schemaLocation="http://www.loc.gov/MARC21/slim http://www.loc.gov/standards/marcxml/schema/MARC21slim.xsd">
   <leader>00925njm 22002777a 4500</leader>
   <datafield ind2=" " ind1=" " tag="042">
      <subfield code="a">dc</subfield>
   </datafield>
   <datafield ind2=" " ind1=" " tag="720">
      <subfield code="a">Mora Corral, Antoni J.</subfield>
      <subfield code="e">author</subfield>
   </datafield>
   <datafield ind2=" " ind1=" " tag="720">
      <subfield code="a">Trapero Bertran, Marta</subfield>
      <subfield code="e">author</subfield>
   </datafield>
   <datafield ind2=" " ind1=" " tag="260">
      <subfield code="c">2018</subfield>
   </datafield>
   <datafield ind2=" " ind1=" " tag="520">
      <subfield code="a">Background: In order to enhance childhood vaccination uptake and the health consequences for the whole society, there is a need to study predictors that might help in understanding parents’ behaviour in relation to childhood vaccination schemes. The aim of this paper is to assess whether parental education has an influence on their children’s public health-care use in terms of visits for vaccinations, and thus evaluate whether more educated parents use public health resources more frequently in childhood immunization schedules. Methods: The setting was the region of Catalonia in the north-east of Spain. Three different databases, containing information about 11,415 individuals corresponding to 79,905 observations, were merged and linked: 1) observational and longitudinal administrative data for adults and children in Catalonia; 2) a database containing information on the vaccination of children in relation to the public health programme called the “Healthy Child Programme”; and 3) the governmental vaccination registration. The presence of an education gradient was explored using a logistic regression. Children’s health-care use was modelled using a logistic procedure. Results: The greater the mothers’ educational attainment level, the higher the probability of being vaccinated in this immunization programme. The presence of an age profile for vaccinations showed that less educated parents visit their GPs more frequently for immunizations when their children are below the age of six, but that pattern is completely the opposite after that age. Hence, for children aged between six and 16, more educated parents are more likely to ensure their children are immunized. Likewise, systematic vaccinations are more likely for those parents with a lower educational attainment level. Conclusions: This paper evidenced the presence of an education gradient for specific preventive care through the public health system and visits to the GP without any particular disease or advice for specific vaccinations.</subfield>
   </datafield>
   <datafield ind1="8" ind2=" " tag="024">
      <subfield code="a">Mora, T. Trapero Bertran, M. The influence of education on the access to childhood immunization: the case of Spain. BMC Public Health, 2018, 18, p. 1-9. Disponible en: &lt;https://bmcpublichealth.biomedcentral.com/articles/10.1186/s12889-018-5810-1>. Fecha de acceso: 16 jun. 2020. DOI: 10.1186/s12889-018-5810-1</subfield>
   </datafield>
   <datafield ind1="8" ind2=" " tag="024">
      <subfield code="a">1471-2458</subfield>
   </datafield>
   <datafield ind1="8" ind2=" " tag="024">
      <subfield code="a">http://hdl.handle.net/20.500.12328/1585</subfield>
   </datafield>
   <datafield ind1="8" ind2=" " tag="024">
      <subfield code="a">https://dx.doi.org/10.1186/s12889-018-5810-1</subfield>
   </datafield>
   <datafield tag="653" ind2=" " ind1=" ">
      <subfield code="a">Educació</subfield>
   </datafield>
   <datafield tag="653" ind2=" " ind1=" ">
      <subfield code="a">Vacunació dels infants</subfield>
   </datafield>
   <datafield tag="653" ind2=" " ind1=" ">
      <subfield code="a">Infants -- Salut i higiene</subfield>
   </datafield>
   <datafield tag="653" ind2=" " ind1=" ">
      <subfield code="a">Medicina preventiva</subfield>
   </datafield>
   <datafield tag="653" ind2=" " ind1=" ">
      <subfield code="a">Educación</subfield>
   </datafield>
   <datafield tag="653" ind2=" " ind1=" ">
      <subfield code="a">Vacunación infantil</subfield>
   </datafield>
   <datafield tag="653" ind2=" " ind1=" ">
      <subfield code="a">Niños -- Salud e higiene</subfield>
   </datafield>
   <datafield tag="653" ind2=" " ind1=" ">
      <subfield code="a">Medicina preventiva</subfield>
   </datafield>
   <datafield tag="653" ind2=" " ind1=" ">
      <subfield code="a">Education</subfield>
   </datafield>
   <datafield tag="653" ind2=" " ind1=" ">
      <subfield code="a">Vaccination of children</subfield>
   </datafield>
   <datafield tag="653" ind2=" " ind1=" ">
      <subfield code="a">Children -- Health and hygiene</subfield>
   </datafield>
   <datafield tag="653" ind2=" " ind1=" ">
      <subfield code="a">Preventive medicine</subfield>
   </datafield>
   <datafield ind2="0" ind1="0" tag="245">
      <subfield code="a">The influence of education on the access tochildhood immunization: the case of Spain</subfield>
   </datafield>
</record></metadata></record></GetRecord></OAI-PMH>